La paz social (Record no. 1613)

MARC details
000 -LEADER
campo de control de longitud fija 00949nas a2200277 i 4500
001 - NÚMERO DE CONTROL
campo de control 1613
003 - IDENTIFICADOR DE NÚMERO DE CONTROL
campo de control ES-MaACL
005 - FECHA Y HORA DE LA ÚLTIMA TRANSACCIÓN
campo de control 20250830111410.0
008 - DATOS DE LONGITUD FIJA--INFORMACIÓN GENERAL
campo de control de longitud fija 950801c1907 sp m|yp | 1b||pa d
022 ## - NÚMERO INTERNACIONAL NORMALIZADO PARA PUBLICACIONES SERIADAS
Número Internacional Normalizado para Publicaciones Seriadas 2479-7421
080 ## - NÚMERO DE LA CLASIFICACIÓN DECIMAL UNIVERSAL
Número de la Clasificación Decimal Universal 331
245 03 - MENCIÓN DEL TÍTULO
Título La paz social
Resto del título : revista mensual que se publica en Madrid /
Mención de responsabilidad, etc. dir., Severino Aznar.
260 ## - PUBLICACIÓN, DISTRIBUCIÓN, ETC.
Lugar de publicación, distribución, etc. Madrid :
Nombre del editor, distribuidor, etc. [s.n.],
Fecha de publicación, distribución, etc. 1907- (
Lugar de fabricación/manufactura Zaragoza :
Fabricante Imp. Mariano Salas)
300 ## - DESCRIPCIÓN FÍSICA
Extensión 9 v. ;
Dimensiones 22 cm.
310 ## - PERIODICIDAD ACTUAL
Periodicidad actual Mensual
362 0# - FECHAS DE PUBLICACIÓN Y/O DESIGNACIÓN SECUENCIAL
Fecha de publicación y/o designación secuencial Año I (marzo 1907)-
610 24 - PUNTO DE ACCESO ADICIONAL DE MATERIA--NOMBRE DE ENTIDAD CORPORATIVA
Nombre de entidad corporativa o nombre de jurisdicción como elemento de entrada Iglesia Católica-
Subdivisión general Doctrina social
9 (RLIN) 4642
650 14 - PUNTO DE ACCESO ADICIONAL DE MATERIA--TÉRMINO DE MATERIA
Término de materia o nombre geográfico como elemento de entrada Cooperativismo-
Subdivisión geográfica España.
9 (RLIN) 169025
700 1# - ENTRADA AGREGADA--NOMBRE PERSONAL
Nombre de persona Aznar, Severino,
Fechas asociadas al nombre 1870-1959
9 (RLIN) 24307
700 1# - ENTRADA AGREGADA--NOMBRE PERSONAL
Nombre de persona Reig y Casanova, Enrique.
9 (RLIN) 96003
700 1# - ENTRADA AGREGADA--NOMBRE PERSONAL
Nombre de persona Rojos, Francisco G.,
Término indicativo de función/relación
9 (RLIN) 227619
700 1# - ENTRADA AGREGADA--NOMBRE PERSONAL
Nombre de persona Sangro y Ros de Olano, Pedro,
Títulos y otros términos asociados al nombre Marqués de Guad-el-Jelú.
9 (RLIN) 103144
852 ## - LOCALIZACIÓN
Ubicación ES-MaACL
Número de control de estantería G-6119-27
866 #0 - MENCIÓN TEXTUAL DE FONDOS--UNIDAD BIBLIOGRÁFICA BÁSICA
Fondos 1907-14(1915 f. feb.)
Holdings
Estatus retirado Estado de pérdida Estado de daño No para préstamo Colección Biblioteca de origen Biblioteca actual Ubicación en estantería Fecha de adquisición Fuente de adquisición Total de préstamos Signatura topográfica completa Código de barras Visto por última vez Precio de reemplazo Tipo de ítem Koha
        Periódicos y Revistas Biblioteca del Ateneo de Madrid Biblioteca del Ateneo de Madrid Depósito 2 17/01/2008     G-6119-27 1001648 23/02/2023 23/02/2023 Revista